Top 10 Countries in Rice Production per Capita - Statistics

General Stats
  • This quiz has been taken 183 times
  • The average score is 6 of 10
Answer Stats
kg / person Country % Correct
458.8 Vietnam
97%
611.5 Cambodia
90%
595.9 Laos
90%
365.2 Thailand
87%
291.6 Indonesia
85%
476.6 Myanmar
83%
318.4 Bangladesh
74%
683.2 Guyana
6%
402.0 Uruguay
6%
489.3 Suriname
5%
No matching quizzes found
Score Distribution
Percent of People with Each Score
Percentile by Number Answered
Your Score History
You have not taken this quiz